|
|
|
|
| LEADER |
01977cam a2200505 a 4500 |
| 001 |
nkc20061685970 |
| 003 |
CZ PrNK |
| 005 |
20070105094548.0 |
| 007 |
ta |
| 008 |
061003s2006 xr a c 000 0 cze d |
| 015 |
|
|
|a cnb001685970
|
| 020 |
|
|
|a 80-253-0277-6
|q (váz.)
|
| 040 |
|
|
|a KLG001
|b cze
|d BOA001
|d OLA001
|d ABA001
|
| 072 |
|
7 |
|a 376
|x Výchova a vzdělávání zvláštních skupin osob
|2 Konspekt
|9 22
|
| 072 |
|
7 |
|a 0/9-053.2
|x Literatura pro děti a mládež (naučná)
|2 Konspekt
|9 26
|
| 080 |
|
|
|a 37.016:028-028.31
|2 MRF
|
| 080 |
|
|
|a 616.89-008.434.5
|2 MRF
|
| 080 |
|
|
|a 81:371.382
|2 MRF
|
| 080 |
|
|
|a (076.1)
|2 MRF
|
| 080 |
|
|
|a (0.053.2)
|2 MRF
|
| 100 |
1 |
|
|a Černá, Marie,
|d 1935-
|7 jn19981002612
|4 aut
|
| 245 |
1 |
0 |
|a Dyslexie :
|b texty a hry pro děti s dyslexií : orientace v textu, speciální úkoly, křížovky /
|c Marie Černá, Iva Strnadová ; ilustrace Milan Starý
|
| 250 |
|
|
|a 1. vyd.
|
| 260 |
|
|
|a Havlíčkův Brod :
|b Fragment,
|c 2006
|
| 300 |
|
|
|a 79 s. :
|b barev. il. ;
|c 31 cm
|
| 521 |
8 |
|
|a Určeno pro čtenáře od 9 let
|
| 650 |
0 |
7 |
|a čtení
|7 ph128190
|2 czenas
|
| 650 |
0 |
7 |
|a dyslexie
|7 ph119667
|2 czenas
|
| 650 |
0 |
7 |
|a jazykové hry
|7 ph175735
|2 czenas
|
| 650 |
0 |
9 |
|a reading
|2 eczenas
|
| 650 |
0 |
9 |
|a dyslexia
|2 eczenas
|
| 650 |
0 |
9 |
|a language games
|2 eczenas
|
| 655 |
|
7 |
|a publikace pro děti
|7 fd133156
|2 czenas
|
| 655 |
|
7 |
|a pracovní sešity
|7 fd133116
|2 czenas
|
| 655 |
|
9 |
|a children's literature
|2 eczenas
|
| 655 |
|
9 |
|a activity books
|2 eczenas
|
| 655 |
9 |
7 |
|a ilustrované publikace
|7 fd367467
|2 czenas
|
| 700 |
1 |
|
|a Strnadová, Iva,
|d 1977-
|7 mzk2006363592
|4 aut
|
| 700 |
1 |
|
|a Starý, Milan,
|d 1970-
|7 xx0008670
|4 ill
|
| 856 |
4 |
1 |
|u http://www.digitalniknihovna.cz/mzk/uuid/uuid:b6b9b1c0-796c-11e5-9690-005056827e51
|y Digitalizovaný dokument
|x NDK
|
| 910 |
2 |
|
|a BOA001
|b 4-1176.256
|
| 990 |
|
|
|a BK
|
| 995 |
|
|
|a 01
|
| 991 |
|
|
|b 200611
|
| 996 |
6 |
|
|b 2610293125
|c 4-1176.256
|l MZK
|r Sklad / do 1 hodiny
|n 17
|p p.v.
|w 000831087
|u 000010
|a 1
|e BOA001
|j MZK50
|s P
|